000 00669cam a2200205 4500
001 ABS62071
008 000000n2000 000 0 eng u
035 _a(Sirsi) u105088
100 _aFreedman, P.
245 _aContaminated land enquiries
260 _c2000
490 _aEstates Gazette
_v97(12) 23 March 2000, 46-47(2)
520 _aSummarises the statutory duty to inspect and remedy contaminated land faced by local authorities from 1 April 2000.
590 _aABS
650 _aENVIRONMENTAL PROTECTION ACT 1990
650 _aLOCAL AUTHORITIES
650 _aENVIRONMENTAL INFORMATION REGULATIONS
690 _aENVIRONMENT-CONTAMINATION
942 _n0
999 _c63029
_d63029